000 00954nam a22002417a 4500
999 _c41
_d41
003 AR-CdUCM
008 190221b ||||| |||| 00| 0 spa d
040 _aMUNICIPALIDAD PROVINCIAL DEL CUSCO
_cBIBLIOTECA MUNICIPAL DEL CUSCO
041 _heng
082 _a301.3484 /
_bL46
100 _aLeonard E., Olén
_9204
245 _aEl Cambio Economico Social :
_bEn cuatro comunidades del altiplano de Bolivia /
_cLeonard E Olén
260 _aMéxico D.F :
_bInstituto Indigenista Interamericano,
_c1966.
300 _a141 paginas ;
_c15 cm.
440 _aANTROPOLOGIA SOCIAL
_n3
_9205
500 _aDonación familia Nieto
505 _aCambio economico y social en Bolivia -- Desigualdades Economicas y Sociales en Bolivia en 1966 -- Reformas Agrarias en America Latina...
650 _aDesigualdad Economica Bolivia.
_9206
650 _aCambio Economico Bolivia.
_9207
650 _aIndigenismo.
_9208
942 _2ddc
_cLIBROS
945 _artm
_d2019-02-21